000 00430nam a2200169Ia 4500
003 GCL
008 140319s9999 xx 000 0 eng d
040 _aGCL /
_cGCL
082 0 4 _aCH
_b823
_bP M
100 1 _aPETER HODDOCK
245 1 0 _aMY PICTURE DICTIONARY /
_cPETER HODDOCK
260 _a[S.N] :
_bPETER HODDOCK PUBLISHING
650 0 4 _aDRAWING
650 0 4 _aCOLOURS
650 0 4 _aPAINTING - ILLUSTRATION
942 _2ddc
_cBK
999 _c17478
_d17478